000 00539nam a2200193Ia 4500
005 20250508161045.0
008 008 250505s9999 xx 000 0 eng d
020 _a0-7216-3045-6
037 _aTextual
040 _aFEDL
_beng
_cFEDL
041 _aeng
_2eng
084 _a574, WIT
_qFEDL
100 _aDe Witt William
_9770131
245 0 _aBiology of cell: An evolutionary approach
260 _aPhiladelphia
_bW B Saunders Company
_c1977
300 _aix,568p
942 _cTEXL
_h574, WIT
999 _c1368173
_d1368173